000 00641nam a22001937a 4500
003 OSt
005 20251127134833.0
008 251127b |||||||| |||| 00| 0 eng d
020 _a 978-621-406-219-5
040 _aDWC-Main lib
_cOC
082 _aFil. 005.133 P788i 2019
100 _aPomperada, James R.
245 _a Introduction to C programming/
_cJames R. Pomperada
260 _aIntramuros, Manila :
_bMindshapers co. inc.,
_cc2019.
300 _axxii, 324 pages :
_billustrations ;
_c 26cm.
504 _aIncludes bibliographical references
650 _a1. C (Computer program language)
942 _2ddc
_cBK - FIL
_kFil.
_n0
999 _c6469
_d6469